علم الخلية / (رقم التسجيلة. 23886)

تفاصيل مارك
000 -LEADER
fixed length control field 00670nam a22002177a 4500
005 - DATE AND TIME OF LATEST TRANSACTION
control field 20251108165256.0
008 - FIXED-LENGTH DATA ELEMENTS--GENERAL INFORMATION
fixed length control field 250721s1978 xx 000 0 ara d
082 14 - DEWEY DECIMAL CLASSIFICATION NUMBER
Classification number 574.87/ويل
100 1# - MAIN ENTRY--PERSONAL NAME
Personal name ويلسون، ج.ب.
245 10 - TITLE STATEMENT
Title علم الخلية /
250 ## - EDITION STATEMENT
Edition statement ط2
264 1# - PRODUCTION, PUBLICATION, DISTRIBUTION, MANUFACTURE, AND COPYRIGHT NOTICE
Place of production, publication, distribution, manufacture الموصل :
Name of producer, publisher, distributor, manufacturer جامعة الموصل،
Date of production, publication, distribution, manufacture, or copyright notice 1978.
300 ## - PHYSICAL DESCRIPTION
Extent 344ص :مص ، معجم مصطلحات
650 17 - SUBJECT ADDED ENTRY--TOPICAL TERM
Topical term or geographic name as entry element الخلايا
700 1# - ADDED ENTRY--PERSONAL NAME
Personal name موريسون، جون ج.
700 1# - ADDED ENTRY--PERSONAL NAME
Personal name عزيز، جبرائيل برصوم
Relator term ترجمة
700 1# - ADDED ENTRY--PERSONAL NAME
Personal name العزاوي، طلال فتحي
700 1# - ADDED ENTRY--PERSONAL NAME
Personal name اليونس، يحيى ذنون
942 ## - ADDED ENTRY ELEMENTS (KOHA)
Source of classification or shelving scheme Dewey Decimal Classification
Koha item type كتب
المقتنيات
حالة السحب حالة الفقدان مصدر التصنيف حالة التلف غير قابل للإعارة المكتبة الرئيسية المكتبة الحالية موقع الرف تاريخ التزويد الرقم المتسلسل Total Checkouts رقم الإستدعاء الباركود تاريخ آخر ظهور تاريخ الفاتورة نوع المادة (كوها)
    Dewey Decimal Classification     المكتبة المركزية المكتبة المركزية الإعارة 06/07/2004 67940   574.87/ويل 67940 28/07/2025 06/07/2004 كتب
    Dewey Decimal Classification Unchecked   مكتبة أم قصير والمقابلين العامة مكتبة أم قصير والمقابلين العامة الإعارة 06/07/2004 3302   574.87/ويل   28/07/2025 06/07/2004 كتب
    Dewey Decimal Classification Unchecked   مكتبة وادي السير العامة مكتبة وادي السير العامة الإعارة 06/07/2004 2287   574.87/ويل   28/07/2025 06/07/2004 كتب
Implemented & Customized by: BBB with SCIT (Smart Chains for Information Technology)

Powered by Koha